Normal view
MARC view
Entry Personal Name
001 - CONTROL NUMBER
- control field: 51807
003 - CONTROL NUMBER IDENTIFIER
- control field: OSt
005 - DATE AND TIME OF LATEST TRANSACTION
- control field: 20160410155551.0
008 - FIXED-LENGTH DATA ELEMENTS
- fixed length control field: 160410|| aca||aabn | a|a d
040 ## - CATALOGING SOURCE
- Original cataloging agency: OSt
- Transcribing agency: OSt
100 ## - HEADING--PERSONAL NAME
- Personal name: मीनाक्षी निशांत सिंह
670 ## - SOURCE DATA FOUND
- Source citation: Work cat.: (OSt)41096: मीनाक्षी निशांत सिंह, स्वास्थ्य क्विज , 2008









